000 00589nam a22001937a 4500
005 20170609095052.0
010 _aENG-118569
020 _a9788186098714
_c150.00
035 _aEN-102101
037 _bDBAD/PUB
082 _a371.26
100 _aPareek, Sarla
245 _aScaling of examination marks /
_cby Sarla Pareek
260 _aJaipur
_bPopular Book Depot
_c2017
270 _aG-15,SS. Tower, Dhamini Street, Chaura Rasta
_bJaipur
_e302003
300 _a90p.
_c23cm(Hb)
500 _aIncludes bibliographical reference
942 _2ddc
_cEN
_mPAR
_h371.26
999 _c140881
_d140881